000
00321nam a2200133Ia 4500
008
220216s9999 xx 000 0 und d
100
_a
Newall W
245
4
_a
The rational use of ethrel latex stimulant
260
_b
Planter
_c
1974
300
_a
17-Mar
650
_a
Ethrel stimulation
650
_a
Latex
942
_c
JS
999
_c
70953
_d
70953